History Quiz

Random History or Politics Quiz

First Names of US Supreme Court Justices Quiz Stats

Quiz Updated Apr 7, 2017

Challenge
Share
Tweet
Embed
Score 0/63 Timer 09:00
3 Plays Today
First Name % Correct
John
97.5%
William
87%
James
79.1%
Sandra
76.6%
Ruth
76%
Alexander
69.3%
Thomas
68.3%
George
67.2%
Clarence
66.5%
Robert
64.5%
David
62.7%
Samuel
60.1%
Anthony
59.1%
Stephen
58.8%
Sonia
55%
Antonin
53%
Thurgood
51.3%
Harold
47.7%
Henry
47.2%
Elena
46.6%
Charles
45.7%
Peter
45.6%
Neil
44.3%
Warren
43.5%
Edward
42.3%
Earl
41.1%
Abraham
40%
Joseph
39.6%
Benjamin
39.2%
Oliver
35%
Frederick
30.8%
Louis
30.3%
First Name % Correct
Arthur
27.3%
Roger
26.5%
Felix
23.1%
Philip
20.9%
Lewis
20.2%
Nathan
19.9%
Byron
19%
Alfred
16.7%
Hugo
15.1%
Salmon
15.1%
Potter
14.1%
Stanley
13.9%
Harlan
12.3%
Horace
11.2%
Owen
11.1%
Bushrod
10.1%
Noah
10%
Willis
8.8%
Gabriel
8.7%
Smith
8.5%
Lucius
8.2%
Pierce
7.9%
Morrison
7.8%
Sherman
7.7%
Melville
7.6%
Levi
7.6%
Rufus
7.4%
Ward
6.8%
Mahlon
6.7%
Wiley
6.6%
Howell
5.8%

You're not logged in!

Compare scores with friends on all Sporcle quizzes.
Sign Up with Email
OR
Log In

You Might Also Like...

Show Comments

Extras

Top Quizzes Today


Score Distribution

Your Account Isn't Verified!

In order to create a playlist on Sporcle, you need to verify the email address you used during registration. Go to your Sporcle Settings to finish the process.